000 00650nam0a22002531 4500
001 RU\NLR\IC999\ROSSICA\1000294550
005 20250613184825.0
035 _a(NLR Aleph) 009874093
090 _a10439258
_c10439258
100 _a20030721d1885 |||y0rusy50 ca
101 0 _ager
102 _aRU
105 _ay ||||000ay
200 1 _aRusslands Industrie auf der Ausstellung in Moskau 1882
_fCech, C.O.
210 _aMoskau
_d1885
215 _d
700 1 _aCech
_bC.O.
_4070
801 1 _aRU
_bInfoComm
_c20030721
801 0 _aRU
_bNLR
_gPSBO
852 _aNLR
_j13.10.6.12
942 _cBOOK
980 _aNB
980 _aRossica